000
00278nam a22001217a 4500
008
170204b xxu||||| |||| 00| 0 eng d
041
_a
eng
080
_a
61
100
_a
3
101
_a
SHM
245
_a
SEMUNDJET E VESHIT TE HUNDES DHE TE GRYKES
_c
TRIMCEV, S
942
_2
udc
_c
BK
999
_c
4627
_d
4627